La ley del gallinero

Saved in:
Bibliografiske detaljer
Hovedforfatter: Guzmán Chávez, Jorge (Author)
Format: Bog
Sprog:spansk
Udgivet: Santiago Sudamericana 1999
Udgivelse:1a. ed
Serier:Biblioteca Transversal
Fag:
Tags: Tilføj Tag
Ingen Tags, Vær først til at tagge denne postø!

MARC

LEADER 00000nam a2200000 a 4500
001 UCK7132
003 CL-VaPUC
008 051111e19990000CL |||||||||||||||||spa|d
020 |a 9562620789 
082 0 4 |a Ch863  |b GUZ  |2 21 
100 |a Guzmán Chávez, Jorge  |e author  |9 556230 
245 1 3 |a La ley del gallinero 
250 |a 1a. ed 
300 |a 392 p 
942 |c BK 
945 |d 20051111 00:00:00  |a cmena 
260 |a Santiago  |b Sudamericana  |c 1999 
650 0 |a Novelas chilenas   |9 265425 
650 0 |a Literatura chilena   |9 308278 
650 0 |a Novelas históricas   |9 342315 
650 0 |a Antropología cultural y social   |9 265143 
583 |a last modification  |c 20051111 00:00:00  |k Rodrigo Vera 
490 0 |a Biblioteca Transversal 
999 |c 315174  |d 315172 
952 |0 0  |1 0  |4 0  |6 CH_863_000000000000000_GUZ_1999  |7 0  |8 A  |9 388137  |a FDOPOS  |b FDOPOS  |d 2019-11-22  |i 4177371  |o Ch863 GUZ 1999  |p 4177371  |r 2025-01-22  |w 2019-11-22  |y BK  |k MLH